000 00493nam a2200169 i 4500
001 90387
003 ES-MaACL
005 20250828085613.0
007 t|
008 050120s1965 sp ||||1| spa d
245 0 3 _aLa lengua española en Filipinas.
260 _a[Madrid :
_bOficina de Educación Iberoamericana,
_c1965]
300 _a114 p. ;
_c22 cm.
710 2 _aOficina de Educación Iberoamericana
_96018
852 _aES-MaACL
_jC-29879
_bR.57590
999 _c90387
_d90387